00862nam a22002535a 450000500170000000800410001701000170005802000260007503500170010103700120011808200080013010000180013824500530015624600270020925000120023626000550024827000640030330000290036750000620039650400510045865000290050965000390053865000310057720091210145556.0091208s2009 enka b 001 0 eng  aB-370118-129 a9780198064640c298.75 aB-370118-129 bImpulse a488 aCutts, Martin aOxford guide to plain English /cby Martin Cutts aGuide to plain English a2nd ed. aNew Delhi bOxford University Pressc2010(repr.).  aYMCA Library Building, Jai Singh Road, bNew Delhi e110001 aiii, 202 p. c18 cm(Hb)  aThis book is published in 4 vol. and set price is 1195.00 aIncludes bibliographical references and index. aEnglish languagexUsage. aEnglish languagexErrors of usage. aEnglish languagexGrammar.